ديوان لبيد بن ربيعة العامري / (Record no. 11761)
[ view plain ]
| 000 -LEADER | |
|---|---|
| fixed length control field | 00498nam a22001697a 4500 |
| 005 - DATE AND TIME OF LATEST TRANSACTION | |
| control field | 20251108164701.0 |
| 008 - FIXED-LENGTH DATA ELEMENTS--GENERAL INFORMATION | |
| fixed length control field | 250721s9999 xx 000 0 ara d |
| 082 14 - DEWEY DECIMAL CLASSIFICATION NUMBER | |
| Classification number | م/811.1/لبي |
| 100 1# - MAIN ENTRY--PERSONAL NAME | |
| Personal name | لبيد بن ربيعة العامري، |
| 245 10 - TITLE STATEMENT | |
| Title | ديوان لبيد بن ربيعة العامري / |
| 264 1# - PRODUCTION, PUBLICATION, DISTRIBUTION, MANUFACTURE, AND COPYRIGHT NOTICE | |
| Place of production, publication, distribution, manufacture | بيروت : |
| Name of producer, publisher, distributor, manufacturer | دار صادر، |
| 300 ## - PHYSICAL DESCRIPTION | |
| Extent | 247 ص |
| 650 17 - SUBJECT ADDED ENTRY--TOPICAL TERM | |
| Topical term or geographic name as entry element | الشعر العربي |
| 650 17 - SUBJECT ADDED ENTRY--TOPICAL TERM | |
| Topical term or geographic name as entry element | العصر الجاهلي |
| 942 ## - ADDED ENTRY ELEMENTS (KOHA) | |
| Source of classification or shelving scheme | Dewey Decimal Classification |
| Koha item type | References |
| حالة السحب | حالة الفقدان | مصدر التصنيف | حالة التلف | غير قابل للإعارة | المكتبة الرئيسية | المكتبة الحالية | موقع الرف | تاريخ التزويد | الرقم المتسلسل | Total Checkouts | رقم الإستدعاء | الباركود | تاريخ آخر ظهور | تاريخ الفاتورة | نوع المادة (كوها) |
|---|---|---|---|---|---|---|---|---|---|---|---|---|---|---|---|
| Dewey Decimal Classification | المكتبة المركزية | المكتبة المركزية | الإعارة | 06/07/2004 | 33597 | م/811.1/لبي | 33597 | 28/07/2025 | 06/07/2004 | References | |||||
| Dewey Decimal Classification | مكتبة أبو علندا العامة | مكتبة أبو علندا العامة | الإعارة | 17/01/2009 | 575935 | م/811.1/لبي | PLD00065771 | 28/07/2025 | 17/01/2009 | References | |||||
| Dewey Decimal Classification | مكتبة الحسن العامة | مكتبة الحسن العامة | الإعارة | 28/07/2025 | 575934 | م/811.1/لبي | 575934 | 28/07/2025 | 28/07/2025 | References | |||||
| Dewey Decimal Classification | مكتبة حمزة العامة | مكتبة حمزة العامة | الإعارة | 27/05/2015 | 314467 | م/811.1/لبي | PLD00326499 | 28/07/2025 | 27/05/2015 | References | |||||
| Dewey Decimal Classification | مكتبة حمزة العامة | مكتبة حمزة العامة | الإعارة | 27/05/2015 | 575933 | م/811.1/لبي | PLD00326569 | 28/07/2025 | 27/05/2015 | References | |||||
| Dewey Decimal Classification | مكتبة حمزة العامة | مكتبة حمزة العامة | الإعارة | 27/03/1980 | [1577].. | م/811.1/لبي | PLD00362184 | 28/07/2025 | 27/03/1980 | References | |||||
| Dewey Decimal Classification | Not For Loan | مكتبة صويلح العامة | مكتبة صويلح العامة | مراجع | 07/03/2019 | 1692606 | م/811.1/لبي | PLD00446424 | 28/07/2025 | 07/03/2019 | References | ||||
| Dewey Decimal Classification | مكتبة صويلح العامة | مكتبة صويلح العامة | الإعارة | 22/07/2019 | 575932 | م/811.1/لبي | PLD00458610 | 28/07/2025 | 22/07/2019 | References |